<?xml version="1.0" encoding="UTF-8"?>
<record
    xmlns:xsi="http://www.w3.org/2001/XMLSchema-instance"
    xsi:schemaLocation="http://www.loc.gov/MARC21/slim http://www.loc.gov/standards/marcxml/schema/MARC21slim.xsd"
    xmlns="http://www.loc.gov/MARC21/slim">

  <leader>02001nam a22002057a 4500</leader>
  <controlfield tag="008">150625b        xxu||||| |||| 00| 0 eng d</controlfield>
  <datafield tag="020" ind1=" " ind2=" ">
    <subfield code="a">9780421925601</subfield>
  </datafield>
  <datafield tag="050" ind1=" " ind2=" ">
    <subfield code="a">KJE947.W93</subfield>
  </datafield>
  <datafield tag="100" ind1=" " ind2=" ">
    <subfield code="a">Arnull, Anthony</subfield>
  </datafield>
  <datafield tag="245" ind1=" " ind2=" ">
    <subfield code="a">Wyatt and dashwood's European union law. /</subfield>
    <subfield code="c">Anthony Arnull et al...</subfield>
  </datafield>
  <datafield tag="250" ind1=" " ind2=" ">
    <subfield code="a">5th ed.</subfield>
  </datafield>
  <datafield tag="260" ind1=" " ind2=" ">
    <subfield code="a">London:</subfield>
    <subfield code="b">Sweet &amp; Maxwell,</subfield>
    <subfield code="c">c2006.</subfield>
  </datafield>
  <datafield tag="300" ind1=" " ind2=" ">
    <subfield code="a">cl, 1224p.</subfield>
    <subfield code="c">23cm.</subfield>
  </datafield>
  <datafield tag="500" ind1=" " ind2=" ">
    <subfield code="a">includes index</subfield>
  </datafield>
  <datafield tag="505" ind1=" " ind2=" ">
    <subfield code="a">Contents: Historical introduction: From the founding treaties to the treaty establishing a constitution for Europe -- The Constitutional order: The Institutions of the European union -- The Legislative process -- Union competences -- Constitutional foundations: Sources, supremacy and direct effect of union law -- Rights and remedies -- General principles of law -- Fundamental rights -- The Charter of fundamental rights -- European community and European union -- The Treaty establishing a constitution for Europe -- Jurisdiction of the community courts: Judicial architecture and judicial method -- Direct actions -- Preliminary rulings -- The Fundamental rights of union citizens, the internal market and beyond: Customs duties and discriminatory internal taxation -- Quantitative restrictions and measures having equivalent effect -- Union citizenship and the rights to move and reside in the union -- Freedom of movement for workers -- The Right of establishment and the freedom to provide services -- Corporate establishment, cross border acquisitions, company law harmonization, and the effect of national tax rules on the internal market -- Completing the internal market -- Completion policy: Introduction to the rules on competition -- Article 81: cartels and restrictions on competition -- Abuse of dominance: article 82 -- Enforcement of articles 81 and 82 -- Member states, public and entrusted undertakings: article 86 -- State aid.</subfield>
  </datafield>
  <datafield tag="700" ind1=" " ind2=" ">
    <subfield code="a">Dashwood, Alan</subfield>
  </datafield>
  <datafield tag="700" ind1=" " ind2=" ">
    <subfield code="a">Dougan, Michael</subfield>
  </datafield>
  <datafield tag="700" ind1=" " ind2=" ">
    <subfield code="a">Ross, Malcolm</subfield>
  </datafield>
  <datafield tag="942" ind1=" " ind2=" ">
    <subfield code="2">lcc</subfield>
    <subfield code="c">BK</subfield>
  </datafield>
  <datafield tag="999" ind1=" " ind2=" ">
    <subfield code="c">5556</subfield>
    <subfield code="d">13056</subfield>
  </datafield>
  <datafield tag="952" ind1=" " ind2=" ">
    <subfield code="0">0</subfield>
    <subfield code="1">0</subfield>
    <subfield code="2">lcc</subfield>
    <subfield code="4">0</subfield>
    <subfield code="7">0</subfield>
    <subfield code="a">WIUC-1</subfield>
    <subfield code="b">WIUC-1</subfield>
    <subfield code="c">LL</subfield>
    <subfield code="d">2015-06-25</subfield>
    <subfield code="l">0</subfield>
    <subfield code="o">KJE947.W93</subfield>
    <subfield code="p">074/15</subfield>
    <subfield code="r">2015-06-25 00:00:00</subfield>
    <subfield code="w">2015-06-25</subfield>
    <subfield code="y">BK</subfield>
  </datafield>
</record>
